<?xml version="1.0" encoding="UTF-8"?>
<record
    xmlns:xsi="http://www.w3.org/2001/XMLSchema-instance"
    xsi:schemaLocation="http://www.loc.gov/MARC21/slim http://www.loc.gov/standards/marcxml/schema/MARC21slim.xsd"
    xmlns="http://www.loc.gov/MARC21/slim">

  <leader>01659nam a22002777a 4500</leader>
  <controlfield tag="001">8657</controlfield>
  <controlfield tag="003">FISKH</controlfield>
  <controlfield tag="005">20251205141156.0</controlfield>
  <controlfield tag="008">251008b        cb ||||| |||| 00| 0 eng d</controlfield>
  <datafield tag="040" ind1=" " ind2=" ">
    <subfield code="a">FISKH</subfield>
    <subfield code="b">khr</subfield>
    <subfield code="c">FISKH</subfield>
    <subfield code="d">FISKH</subfield>
  </datafield>
  <datafield tag="050" ind1=" " ind2=" ">
    <subfield code="a">PZ7</subfield>
  </datafield>
  <datafield tag="082" ind1=" " ind2=" ">
    <subfield code="a">398.2</subfield>
  </datafield>
  <datafield tag="100" ind1=" " ind2=" ">
    <subfield code="a">Ministry of Education, Youth and Sports </subfield>
  </datafield>
  <datafield tag="245" ind1=" " ind2=" ">
    <subfield code="a">&#x1799;&#x179B;&#x17CB;&#x179F;&#x1794;&#x17D2;&#x178F;&#x17B7;&#x17A2;&#x17B6;&#x1780;&#x17D2;&#x179A;&#x1780;&#x17CB; /</subfield>
    <subfield code="c">&#x1780;&#x17D2;&#x179A;&#x179F;&#x17BD;&#x1784;&#x17A2;&#x1794;&#x17CB;&#x179A;&#x17C6; &#x1799;&#x17BB;&#x179C;&#x1787;&#x1793; &#x1793;&#x17B7;&#x1784; &#x1780;&#x17B8;&#x17A1;&#x17B6;&#x200B; </subfield>
  </datafield>
  <datafield tag="260" ind1=" " ind2=" ">
    <subfield code="a">Phnom Penh :</subfield>
    <subfield code="b">&#x1780;&#x17B7;&#x1785;&#x17D2;&#x1785;&#x179F;&#x17A0;&#x1794;&#x17D2;&#x179A;&#x178F;&#x17B7;&#x1794;&#x178F;&#x17D2;&#x178F;&#x17B7;&#x1780;&#x17B6;&#x179A;&#x17A2;&#x1797;&#x17B7;&#x179C;&#x178C;&#x17D2;&#x178D;&#x1793;&#x17CD;&#x1794;&#x17CA;&#x17C2;&#x179B;&#x17A0;&#x17D2;&#x179F;&#x17CA;&#x17B7;&#x1780; , </subfield>
  </datafield>
  <datafield tag="300" ind1=" " ind2=" ">
    <subfield code="a">16 pages : </subfield>
    <subfield code="b">color illustrations ; </subfield>
    <subfield code="c">25 cm . </subfield>
  </datafield>
  <datafield tag="505" ind1=" " ind2=" ">
    <subfield code="a">O 
</subfield>
  </datafield>
  <datafield tag="520" ind1=" " ind2=" ">
    <subfield code="a">&#x179F;&#x17BB;&#x1797;&#x17B6;&#x1796; &#x1793;&#x17B7;&#x1784;&#x1794;&#x17D2;&#x17A2;&#x17BC;&#x1793;&#x1794;&#x17D2;&#x179A;&#x17BB;&#x179F;&#x179A;&#x1794;&#x179F;&#x17CB;&#x1793;&#x17B6;&#x1784;&#x1794;&#x17B6;&#x1793;&#x179F;&#x17D2;&#x178F;&#x17B6;&#x1794;&#x17CB;&#x179A;&#x17BF;&#x1784;&#x1796;&#x17C1;&#x179B;&#x178A;&#x17C1;&#x1780;&#x1796;&#x17B8;&#x1796;&#x17BC;&#x179A;&#x179A;&#x1794;&#x179F;&#x17CB;&#x1796;&#x17BD;&#x1780;&#x1782;&#x17C1;&#x17D4; &#x1796;&#x17C1;&#x179B;&#x1793;&#x17B6;&#x1784;&#x179F;&#x17BB;&#x1797;&#x17B6;&#x1797;&#x1798;&#x17B6;&#x1793;&#x179F;&#x17BB;&#x1794;&#x17B7;&#x1793;&#x17D2;&#x178F;&#x17A2;&#x17B6;&#x1780;&#x17D2;&#x179A;&#x1780;&#x17CB; &#x17A0;&#x17BE;&#x1799;&#x1797;&#x17D2;&#x1789;&#x17B6;&#x1780;&#x17CB;&#x1793;&#x17C5;&#x1785;&#x1793;&#x17D2;&#x179B;&#x17C4;&#x17C7;&#x17A2;&#x17B6;&#x1792;&#x17D2;&#x179A;&#x17B6;&#x178F;&#x17D2;&#x179A;&#x17D4; &#x1794;&#x1793;&#x17D2;&#x1791;&#x17B6;&#x1794;&#x17CB;&#x1798;&#x1780;&#x1798;&#x17C9;&#x17C2;&#x1798;&#x17B8;&#x1794;&#x17B6;&#x1793;&#x1794;&#x17D2;&#x179A;&#x17B6;&#x1794;&#x17CB;&#x179A;&#x17BF;&#x1784;&#x179B;&#x17D2;&#x17A2;&#x1798;&#x17BD;&#x1799;&#x1791;&#x17C0;&#x178F; &#x178A;&#x17BE;&#x1798;&#x17D2;&#x1794;&#x17B8;&#x1792;&#x17D2;&#x179C;&#x17BE;&#x17A2;&#x17C4;&#x1799;&#x1793;&#x17B6;&#x1784;&#x179F;&#x17D2;&#x1784;&#x1794;&#x17CB;&#x1785;&#x17B7;&#x178F;&#x17D2;&#x178F;&#x17D4;</subfield>
  </datafield>
  <datafield tag="520" ind1=" " ind2=" ">
    <subfield code="a">Sopheap and her brother listened to their uncle's bed-time story; when she had a nightmare and woke up in the middle of the night. Then, her aunty told her another good story to calm her down.</subfield>
  </datafield>
  <datafield tag="521" ind1="8" ind2=" ">
    <subfield code="a">600 
</subfield>
    <subfield code="b">Lexile estimate 
</subfield>
  </datafield>
  <datafield tag="521" ind1="8" ind2=" ">
    <subfield code="a">O 
</subfield>
    <subfield code="b">Raz-Plus 
</subfield>
  </datafield>
  <datafield tag="650" ind1=" " ind2=" ">
    <subfield code="a">&#x1799;&#x179B;&#x17CB;&#x179F;&#x1794;&#x17D2;&#x178F;&#x17B7;&#x17A2;&#x17B6;&#x1780;&#x17D2;&#x179A;&#x1780;&#x17CB;</subfield>
  </datafield>
  <datafield tag="650" ind1=" " ind2=" ">
    <subfield code="a">Nightmare </subfield>
  </datafield>
  <datafield tag="942" ind1=" " ind2=" ">
    <subfield code="2">ddc</subfield>
    <subfield code="c">KHB</subfield>
    <subfield code="n">0</subfield>
  </datafield>
  <datafield tag="999" ind1=" " ind2=" ">
    <subfield code="c">8657</subfield>
    <subfield code="d">8657</subfield>
  </datafield>
  <datafield tag="952" ind1=" " ind2=" ">
    <subfield code="0">0</subfield>
    <subfield code="1">0</subfield>
    <subfield code="2">ddc</subfield>
    <subfield code="4">0</subfield>
    <subfield code="7">0</subfield>
    <subfield code="8">KH</subfield>
    <subfield code="a">002</subfield>
    <subfield code="b">002</subfield>
    <subfield code="c">TTP Khmer</subfield>
    <subfield code="d">2025-10-08</subfield>
    <subfield code="l">0</subfield>
    <subfield code="o">MIN PZ7 398.2</subfield>
    <subfield code="p">2025-4500</subfield>
    <subfield code="r">2025-10-08 15:48:00</subfield>
    <subfield code="t">1</subfield>
    <subfield code="w">2025-10-08</subfield>
    <subfield code="y">KHB</subfield>
  </datafield>
  <datafield tag="952" ind1=" " ind2=" ">
    <subfield code="0">0</subfield>
    <subfield code="1">0</subfield>
    <subfield code="2">ddc</subfield>
    <subfield code="4">0</subfield>
    <subfield code="7">0</subfield>
    <subfield code="8">KH</subfield>
    <subfield code="a">002</subfield>
    <subfield code="b">002</subfield>
    <subfield code="c">TTP Khmer</subfield>
    <subfield code="d">2025-10-08</subfield>
    <subfield code="l">0</subfield>
    <subfield code="o">MIN PZ7 398.2</subfield>
    <subfield code="p">FISBK03356</subfield>
    <subfield code="r">2025-10-08 15:49:00</subfield>
    <subfield code="t">2</subfield>
    <subfield code="w">2025-10-08</subfield>
    <subfield code="y">KHB</subfield>
  </datafield>
  <datafield tag="952" ind1=" " ind2=" ">
    <subfield code="0">0</subfield>
    <subfield code="1">0</subfield>
    <subfield code="2">ddc</subfield>
    <subfield code="4">0</subfield>
    <subfield code="7">0</subfield>
    <subfield code="8">KH</subfield>
    <subfield code="a">002</subfield>
    <subfield code="b">002</subfield>
    <subfield code="c">TTP Khmer</subfield>
    <subfield code="d">2025-10-08</subfield>
    <subfield code="l">0</subfield>
    <subfield code="o">MIN  PZ7 398.2</subfield>
    <subfield code="p">FISBK03351</subfield>
    <subfield code="r">2025-10-08 15:49:00</subfield>
    <subfield code="t">3</subfield>
    <subfield code="w">2025-10-08</subfield>
    <subfield code="y">KHB</subfield>
  </datafield>
  <datafield tag="952" ind1=" " ind2=" ">
    <subfield code="0">0</subfield>
    <subfield code="1">0</subfield>
    <subfield code="2">ddc</subfield>
    <subfield code="4">0</subfield>
    <subfield code="7">0</subfield>
    <subfield code="8">KH</subfield>
    <subfield code="a">002</subfield>
    <subfield code="b">002</subfield>
    <subfield code="c">TTP Khmer</subfield>
    <subfield code="d">2025-10-08</subfield>
    <subfield code="l">0</subfield>
    <subfield code="o">MIN PZ7 398.2</subfield>
    <subfield code="p">FISBK03346</subfield>
    <subfield code="r">2025-10-08 15:50:00</subfield>
    <subfield code="t">4</subfield>
    <subfield code="w">2025-10-08</subfield>
    <subfield code="y">KHB</subfield>
  </datafield>
  <datafield tag="952" ind1=" " ind2=" ">
    <subfield code="0">0</subfield>
    <subfield code="1">0</subfield>
    <subfield code="2">ddc</subfield>
    <subfield code="4">0</subfield>
    <subfield code="7">0</subfield>
    <subfield code="8">KH</subfield>
    <subfield code="a">002</subfield>
    <subfield code="b">002</subfield>
    <subfield code="c">TTP Khmer</subfield>
    <subfield code="d">2025-10-10</subfield>
    <subfield code="l">0</subfield>
    <subfield code="o">MIN PZ7 398.2</subfield>
    <subfield code="p">FISBK03359</subfield>
    <subfield code="r">2025-10-10 10:11:00</subfield>
    <subfield code="t">5</subfield>
    <subfield code="w">2025-10-10</subfield>
    <subfield code="y">KHB</subfield>
  </datafield>
  <datafield tag="952" ind1=" " ind2=" ">
    <subfield code="0">0</subfield>
    <subfield code="1">0</subfield>
    <subfield code="2">ddc</subfield>
    <subfield code="4">0</subfield>
    <subfield code="7">0</subfield>
    <subfield code="8">KH</subfield>
    <subfield code="a">002</subfield>
    <subfield code="b">002</subfield>
    <subfield code="c">TTP Khmer</subfield>
    <subfield code="d">2025-10-23</subfield>
    <subfield code="l">0</subfield>
    <subfield code="o">MIN PZ7 398.2</subfield>
    <subfield code="p">FISBK03369</subfield>
    <subfield code="r">2025-10-23 15:01:00</subfield>
    <subfield code="t">6</subfield>
    <subfield code="w">2025-10-23</subfield>
    <subfield code="y">KHB</subfield>
  </datafield>
  <datafield tag="952" ind1=" " ind2=" ">
    <subfield code="0">0</subfield>
    <subfield code="1">0</subfield>
    <subfield code="2">ddc</subfield>
    <subfield code="4">0</subfield>
    <subfield code="7">0</subfield>
    <subfield code="8">KH</subfield>
    <subfield code="a">002</subfield>
    <subfield code="b">002</subfield>
    <subfield code="c">TTP Khmer</subfield>
    <subfield code="d">2025-12-05</subfield>
    <subfield code="l">0</subfield>
    <subfield code="o">MIN PZ7 398.2</subfield>
    <subfield code="p">2025-5042</subfield>
    <subfield code="r">2025-12-05 14:12:46</subfield>
    <subfield code="t">7</subfield>
    <subfield code="w">2025-12-05</subfield>
    <subfield code="y">KHB</subfield>
  </datafield>
  <datafield tag="952" ind1=" " ind2=" ">
    <subfield code="0">0</subfield>
    <subfield code="1">0</subfield>
    <subfield code="2">ddc</subfield>
    <subfield code="4">0</subfield>
    <subfield code="7">0</subfield>
    <subfield code="8">KH</subfield>
    <subfield code="a">002</subfield>
    <subfield code="b">002</subfield>
    <subfield code="c">TTP Khmer</subfield>
    <subfield code="d">2025-12-05</subfield>
    <subfield code="l">0</subfield>
    <subfield code="o">MIN PZ7 398.2</subfield>
    <subfield code="p">2025-5060</subfield>
    <subfield code="r">2025-12-05 15:34:54</subfield>
    <subfield code="t">8</subfield>
    <subfield code="w">2025-12-05</subfield>
    <subfield code="y">KHB</subfield>
  </datafield>
  <datafield tag="952" ind1=" " ind2=" ">
    <subfield code="0">0</subfield>
    <subfield code="1">0</subfield>
    <subfield code="2">ddc</subfield>
    <subfield code="4">0</subfield>
    <subfield code="7">0</subfield>
    <subfield code="8">KH</subfield>
    <subfield code="a">002</subfield>
    <subfield code="b">002</subfield>
    <subfield code="c">TTP Khmer</subfield>
    <subfield code="d">2025-12-05</subfield>
    <subfield code="l">0</subfield>
    <subfield code="o">MIN PZ7 398.2</subfield>
    <subfield code="p">2025-5061</subfield>
    <subfield code="r">2025-12-05 15:35:23</subfield>
    <subfield code="t">9</subfield>
    <subfield code="w">2025-12-05</subfield>
    <subfield code="y">KHB</subfield>
  </datafield>
  <datafield tag="952" ind1=" " ind2=" ">
    <subfield code="0">0</subfield>
    <subfield code="1">0</subfield>
    <subfield code="2">ddc</subfield>
    <subfield code="4">0</subfield>
    <subfield code="7">0</subfield>
    <subfield code="8">KH</subfield>
    <subfield code="a">002</subfield>
    <subfield code="b">002</subfield>
    <subfield code="c">TTP Khmer</subfield>
    <subfield code="d">2025-12-05</subfield>
    <subfield code="l">0</subfield>
    <subfield code="o">MIN PZ7 398.2</subfield>
    <subfield code="p">2025-5062</subfield>
    <subfield code="r">2025-12-05 15:35:47</subfield>
    <subfield code="t">10</subfield>
    <subfield code="w">2025-12-05</subfield>
    <subfield code="y">KHB</subfield>
  </datafield>
</record>
